The copywriter's handbook: a step-by-step guide to writing copy that sells (Record no. 38836)

MARC details
000 -LEADER
fixed length control field 00576nam a2200157 a 4500
008 - FIXED-LENGTH DATA ELEMENTS--GENERAL INFORMATION
fixed length control field 120416s1990 ||||||||||||||||| || u
020 ## - INTERNATIONAL STANDARD BOOK NUMBER
International Standard Book Number 0805011943
050 ## - LIBRARY OF CONGRESS CALL NUMBER
Classification number HF 5825 Bly
100 ## - MAIN ENTRY--PERSONAL NAME
Personal name Bly, Robert W
245 10 - TITLE STATEMENT
Title The copywriter's handbook: a step-by-step guide to writing copy that sells
250 ## - EDITION STATEMENT
Edition statement !st. Owl b
260 ## - PUBLICATION, DISTRIBUTION, ETC.
Place of publication, distribution, etc. New York
Name of publisher, distributor, etc. Henry Holt & Co
Date of publication, distribution, etc. 1990
350 ## - PRICE (NR) (BK AM CF MU VM SE) [OBSOLETE]
Price 0.00
650 ## - SUBJECT ADDED ENTRY--TOPICAL TERM
Topical term or geographic name entry element BUSINESS WRITING
995 ## - RECOMMENDATION 995 [LOCAL, UNIMARC FRANCE]
-- 0.00
-- CBU-MAIN LIBRARY (Kitwe)
-- 1
-- 0.00
-- 1
-- AVAILABLE
-- Main Library Open Access Collection
Holdings
Withdrawn status Lost status Source of classification or shelving scheme Damaged status Not for loan Home library Current library Shelving location Date acquired Total Checkouts Full call number Barcode Date last seen Price effective from Koha item type
          CBU-MAIN LIBRARY, KITWE. CBU-MAIN LIBRARY, KITWE.   11/30/2022   HF 5825 Bly 007153 11/30/2022 11/30/2022 MONOGRAPH